Pringles Logo Coloring Book - Statistics

General Stats
  • This quiz has been taken 499 times
  • The average score is 4 of 6
Answers on the Map
Answers color-coded by a green-red scale on the quiz's map according to % correct below.
 
Answer Stats
Answer % Correct
Red
69%
Brown
68%
Black
66%
White
65%
Yellow
60%
Orange
45%
No matching quizzes found
Score Distribution
Percent of People with Each Score
Percentile by Number Answered
Your Score History
You have not taken this quiz